Homology /

Guardado en:
Autor Principal: Mac Lane, Saunders, 1909-2005.
Formato: Libro
Idioma:English
Publicado: Berlin : Springer, 1963.
Series:Die Grundlehren der mathematischen Wissenschaften in Einzeldarstellungen mit besonderer Berücksichtigung der Anwendungsgebiete ; Bd. 114
Etiquetas: Agregar Etiqueta
Sin Etiquetas, Sea el primero en etiquetar este registro!
LEADER 00599nam a22001575a 4500
001 MAT.inmabb001155
008 031120s1963####gw############000#0#eng#d
005 20150318125208.0
245 1 0 |a Homology /  |c by Saunders Mac Lane. 
260 |a Berlin :  |b Springer,  |c 1963. 
300 |a x, 422 p. ;  |c 24 cm. 
440 4 |a Die Grundlehren der mathematischen Wissenschaften in Einzeldarstellungen mit besonderer Berücksichtigung der Anwendungsgebiete ;  |v Bd. 114 
510 4 |a MR,  |c 28 #122 
100 1 |a Mac Lane, Saunders,  |d 1909-2005. 
084 |a 18-02 (18Axx 18Cxx 18Gxx)  |2 msc2000 
859 |h 18  |i M161  |p A-1165  |b BIB. MATEMATICA